Gaming Quiz

Random Gaming or Quick Pick Quiz

Quick Pick: Real or Fake Monopoly Editions (H) Quiz Stats

 Plays Quiz not verified by Sporcle

Score 0/10 Timer 01:30
0 Plays Today
% Correct
Hard Rock Café
77.8%
Hello Kitty
77.6%
Harley Davidson
75.8%
Hershey's
69.6%
Home Improvement
55.4%
Houston
53.2%
Horse Lovers
47%
Harrods
37.1%
Hamburg
36.3%
Here & Now
34.1%

You're not logged in!

Compare scores with friends on all Sporcle quizzes.
OR
Log In

You Might Also Like...

Show Comments

Extras

Top Quizzes Today


Score Distribution

Your Account Isn't Verified!

In order to create a playlist on Sporcle, you need to verify the email address you used during registration. Go to your Sporcle Settings to finish the process.

Report this User

Report this user for behavior that violates our Community Guidelines.

Details: